00653cam a2200229 i 4500001001400000003000400014005001700018008004100035020003700076040001800113041001300131042000900144082001100153100003100164245006300195250001100258260005200269300002300321700002000344830003300364830002600397vtls001453437VRT20260410144056.0130418s2013 ch 000 1 chi d a9789573329831 (平裝) :cNT$250 aTKUbchicTKU1 achihjpn anbic a861.571 a東野圭吾,d1958-,e著10a假面山莊殺人事件 /c東野圭吾著 ; 王蘊潔譯 a初版 a臺北市 :b皇冠文化出版公司,c2013.05 a251面 ;c21公分1 a王蘊潔,e譯 0a東野圭吾作品集 ;v16. 0a皇冠叢書 ;v4302.